000 00386nam a2200157 i 4500
001 bg
100 1 _aCISAK, Andrzej
245 0 _aWysokoenergetyczne niewodne ogniwa galwaniczne /
_cA. Cisak, L. Werblan.
260 _aWarszawa,
_c1986.
700 1 _aWERBLAN, Lidia
040 _cBPK
041 _apol
080 _a621.35
942 _cKS
008 s pl f |000 0 pol
999 _c2967
_d2967
856 _uhttp://koha.tu.koszalin.pl/cgi-bin/koha/opac-detail.pl?biblionumber=2967
_yKatalog online BPK